| Tag |
First Indicator |
Second Indicator |
Subfields |
| LEADER |
00000nam a2200000Ia 4500 |
| 001 |
in00004333321 |
| 005 |
20200812093039.0 |
| 006 |
m g d |
| 007 |
cr bn |||a|bb| |
| 008 |
050819s1642 enk o 000 0 eng d |
| 035 |
|
|
|a (OCoLC)61297005
|
| 040 |
|
|
|a UMI
|c UMI
|e dcrb
|
| 037 |
|
|
|a CL0037000124
|b ProQuest Information and Learning. 300 N. Zeeb Rd., Ann Arbor, MI 48106
|
| 043 |
|
|
|a e-uk-en
|
| 090 |
|
|
|a DA412 1642
|b .G732
|
| 049 |
|
|
|a UMIA
|
| 110 |
1 |
|
|a England and Wales.
|b Parliament.
|b House of Commons.
|
| 245 |
1 |
2 |
|a A remonstrance of the Lords and Commons assembled in Parliament, or, The reply of both Houses, to a printed booke under His Majesties name called His Majesties answer to a printed booke entituled, A remonstrance, or the declaration of the Lords and Commons now assembled in Parliament the 26. of May 1642 :
|b in answer to a declaration under his Majesties name, concerning the businesse of Hull.
|
| 246 |
3 |
|
|a Reply of both Houses, to a printed booke under his Majesties name
|
| 260 |
|
|
|a London :
|b Printed by R.B. and R.L.,
|c 1642.
|
| 300 |
|
|
|a 1 online resource ([4], 48 pages)
|
| 336 |
|
|
|a text
|b txt
|2 rdacontent
|
| 337 |
|
|
|a computer
|b c
|2 rdamedia
|
| 338 |
|
|
|a online resource
|b cr
|2 rdacarrier
|
| 500 |
|
|
|a A reply to King Charles I. His Majesties answer to a printed book, entituled, A remonstrance, or, The declaration of the Lords and Commons now assembled in Parliament, May 26. 1642.
|
| 500 |
|
|
|a Ordered to be printed November 2, 1642.
|
| 500 |
|
|
|a Imperfect: pages tightly bound.
|
| 500 |
|
|
|a Reproduction of original in: Lincoln's Inn (London, England) Library.
|
| 510 |
4 |
|
|a Wing (2nd edition)
|c E2221
|
| 533 |
|
|
|a Electronic reproduction.
|b Ann Arbor, Mich. :
|c UMI,
|d 1999-
|f (Early English books online)
|n Digital version of: (Early English Books, 1641-1700 ; 2834:3)
|7 s1999 miun s
|
| 600 |
1 |
0 |
|a Charles
|b I,
|c King of England,
|d 1600-1649.
|
| 610 |
1 |
0 |
|a England and Wales.
|b Sovereign (1625-1649 : Charles I).
|t His Majesties answer to a printed book, entituled, A remonstrance, or, The declaration of the Lords and Commons now assembled in Parliament, May 26. 1642
|v Early works to 1800.
|
| 651 |
|
0 |
|a Hull (England)
|x History
|v Early works to 1800.
|
| 651 |
|
0 |
|a Great Britain
|x History
|y Civil War, 1642-1649
|v Sources.
|
| 651 |
|
0 |
|a Great Britain
|x Politics and government
|y 1642-1649
|v Sources.
|
| 740 |
0 |
2 |
|a Remonstrance, or, The declaration of the Lords and Commons now assembled in Parliament, May 26. 1642.
|
| 740 |
0 |
2 |
|a Declaration of the Lords and Commons now assembled in Parliament, May 26. 1642.
|
| 830 |
|
0 |
|a Early English books online.
|
| 856 |
4 |
0 |
|u http://proxy.library.tamu.edu/login?url=https://search.proquest.com/docview/2240858991
|z Connect to the full text of this electronic book
|t 0
|
| 994 |
|
|
|a 02
|b UMI
|
| 999 |
f |
f |
|s 358bd840-a9e4-3607-bebd-913379398dd6
|i add8e38b-d787-3081-8cb6-6eef05b8aea3
|t 0
|
| 952 |
f |
f |
|a Texas A&M University
|b College Station
|c Electronic Resources
|d Available Online
|t 0
|e DA412 1642 .G732
|h Library of Congress classification
|
| 998 |
f |
f |
|a DA412 1642 .G732
|t 0
|l Available Online
|